• Molinari, Franco,

di Personal Name

Records bibliografici associati: 3

001 - CONTROL NUMBER

  • control field: 49830

003 - CONTROL NUMBER IDENTIFIER

  • control field: IT-RoINE

005 - DATE AND TIME OF LATEST TRANSACTION

  • control field: 20180529071307.0

008 - FIXED-LENGTH DATA ELEMENTS

  • fixed length control field: 180529|| aca||aabn | a|a d

040 ## - CATALOGING SOURCE

  • Original cataloging agency: IT-RoINE
  • Transcribing agency: IT-RoINE

100 ## - HEADING--PERSONAL NAME

  • Personal name: Molinari, Franco,
  • Dates associated with a name: 1928-1991

670 ## - SOURCE DATA FOUND

  • Source citation: Work cat.: (IT-RoINE)0: Fappani, Antonio 49829, Giovannibattista Montini giovane :, 1979.